Pokémon with regional forms - Statistics

General Stats
  • This quiz has been taken 41 times
  • The average score is 45 of 55
Answer Stats
Region Pokémon % Correct
Alola Meowth
96%
Galar Meowth
96%
Alola Geodude
93%
Alola Golem
93%
Alola Graveler
93%
Alola Persian
93%
Alola Raichu
93%
Alola Sandshrew
93%
Alola Sandslash
93%
Alola Exeggutor
89%
Alola Ninetales
89%
Alola Raticate
89%
Alola Rattata
89%
Alola Vulpix
89%
Paldea Wooper
89%
Hisui Arcanine
85%
Hisui Decidueye
85%
Galar Farfetch'd
85%
Hisui Growlithe
85%
Hisui Samurott
85%
Galar Slowbro
85%
Galar Slowking
85%
Galar Slowpoke
85%
Paldea Tauros
85%
Hisui Typhlosion
85%
Galar Articuno
81%
Alola Diglett
81%
Alola Dugtrio
81%
Hisui Electrode
81%
Alola Grimer
81%
Galar Moltres
81%
Galar Mr. Mime
81%
Alola Muk
81%
Hisui Voltorb
81%
Galar Weezing
81%
Galar Zapdos
81%
Hisui Lilligant
78%
Galar Linoone
78%
Galar Ponyta
78%
Hisui Qwilfish
78%
Galar Rapidash
78%
Galar Stunfisk
78%
Galar Zigzagoon
78%
Hisui Braviary
74%
Alola Marowak
74%
Galar Yamask
74%
Galar Corsola
70%
Hisui Sneasel
70%
Hisui Avalugg
67%
Galar Darmanitan
63%
Galar Darumaka
63%
Hisui Goodra
63%
Hisui Sliggoo
63%
Hisui Zoroark
56%
Hisui Zorua
56%
No matching quizzes found
Score Distribution
Percent of People with Each Score
Percentile by Number Answered
Your Score History
You have not taken this quiz